000 01055nam a2200229Ia 4500
001 19057
005 20260413140138.0
008 260306s9999||||xx |||||||||||||| ||und||
041 _aESP
082 _a658.8
_bE92
100 _aEsteban Talaya, Agueda
_eAUT
245 0 _aPrincipios de marketing
260 _c2011
300 _a815 páginas :
_c24 cm.
650 _aGEN
654 _aCAN
856 _uhttps://itmsp.museknowledge.com/UCSP?url=https://www.ebooks7-24.com:443/?il=9150&pg=1
_zVéase además: Principios de marketing, por Philip Kotler. Versión digital
856 _uhttps://0u213w7sb-y-https-ebooks7--24-com.itmsp.museknowledge.com/biblioteca.aspx
_zVéase además: Base de datos Ebook7-24
856 _uhttps://0u20fw7sc-y-https-research-ebsco-com.itmsp.museknowledge.com/c/qxo6us/search
_zVéase además: Base de datos EBSCOhost
856 _uhttps://0u20vw838-y-https-ebookcentral-proquest-com.itmsp.museknowledge.com/lib/catolicasp/home.action
_zVéase además: Base de datos ProQuest Ebook Central
942 _cLIB
_dJUS
_fJUS
_2ddc
999 _c19057
_d19057